Statistics for Events in History #2

Click here to take the quiz!

General Stats

  • This quiz has been taken 61,045 times
    (41,648 since last reset)
  • The average score is 13 of 20

Answer Stats

DateYearEvent% Correct
Apr 261986{Chernobyl} nuclear disaster
92%
Jul 301956Egypt seizes the {Suez} Canal
91%
May 291953Sir Edmund Hillary reaches the
summit of {Mt}. {Everest}
86%
Oct 121492{Columbus} lands in the New World
85%
Aug 311888{Jack} {the} {Ripper} kills his
first victim in London
85%
Jun 21692{Salem} witch trials begin
78%
Jan 181778Captain {Cook} "discovers" Hawaii
74%
Jul 141789Storming of the {Bastille} in Paris
74%
May 281588The Spanish {Armada} sets sail for England
74%
Dec 101949Chiang Kai-shek flees to {Taiwan}
64%
Dec 91979{Smallpox} declared eradicated
61%
Apr 181906City of {San} {Francisco} struck by
an earthquake and fire
60%
Oct 71950China invades {Tibet}
57%
Jan 301649King {Charles} beheaded in England
50%
May 191536{Anne} {Boleyn} is beheaded for
treason and adultery
46%
Aug 261883{Krakatoa} erupts in the
Dutch East Indies
43%
-1637{Tulip} mania in the Netherlands –
first recorded economic bubble
41%
Jan 291258The Islamic Golden Age is ended as the
Mongols sack the city of {Baghdad}
38%
May 131888Slavery finally abolished in {Brazil}
32%
May 311740{Frederick} the Great
comes to power in Prussia
31%

Score Distribution

Percentile by Number Answered

Percent of People with Each Score

Your Score History

You have not taken this quiz since the last reset